A guide book to the parado museum : (Record no. 17794)
[ view plain ]
| 000 -LEADER | |
|---|---|
| fixed length control field | 00730nam a2200265Ia 4500 |
| 001 - CONTROL NUMBER | |
| control field | AUWbook002152 |
| 003 - CONTROL NUMBER IDENTIFIER | |
| control field | BDCtgAUW |
| 005 - DATE AND TIME OF LATEST TRANSACTION | |
| control field | 20260406155141.0 |
| 008 - FIXED-LENGTH DATA ELEMENTS--GENERAL INFORMATION | |
| fixed length control field | 220908s9999 xx 000 0 eng d |
| 040 ## - CATALOGING SOURCE | |
| Original cataloging agency | BDCtgAUW |
| Transcribing agency | BDCtgAUW |
| 050 ## - LIBRARY OF CONGRESS CALL NUMBER | |
| Classification number | N3450.L613 |
| 100 1# - MAIN ENTRY--PERSONAL NAME | |
| Personal name | Pantorba Bernardino De. |
| 245 #0 - TITLE STATEMENT | |
| Title | A guide book to the parado museum : |
| Remainder of title | including a commentary and general historical information / |
| 250 ## - EDITION STATEMENT | |
| Edition statement | Eleventh edition |
| 260 ## - PUBLICATION, DISTRIBUTION, ETC. | |
| Place of publication, distribution, etc. | Madrid : |
| Name of publisher, distributor, etc. | Compa ia Bibliografica Espa ola, |
| Date of publication, distribution, etc. | 1970. |
| 300 ## - PHYSICAL DESCRIPTION | |
| Extent | 202 pages. |
| 650 #0 - SUBJECT ADDED ENTRY--TOPICAL TERM | |
| Topical term or geographic name entry element | Fine Arts. |
| 650 #0 - SUBJECT ADDED ENTRY--TOPICAL TERM | |
| Topical term or geographic name entry element | Musuem. |
| 650 #0 - SUBJECT ADDED ENTRY--TOPICAL TERM | |
| Topical term or geographic name entry element | The Pardo. |
| 700 1# - ADDED ENTRY--PERSONAL NAME | |
| Personal name | Salter, Cedric, Translator. |
| 887 ## - NON-MARC INFORMATION FIELD | |
| Content of non-MARC field | BRAC |
| Source of data | 2982 |
| 888 ## - | |
| -- | 2982 |
| 942 ## - ADDED ENTRY ELEMENTS (KOHA) | |
| Koha item type | Books |
| Koha issues (borrowed), all copies | 0 |
| 945 ## - LOCAL PROCESSING INFORMATION (OCLC) | |
| c | BK |
No items available.